Japanese knotweed and residential property (Record no. 113550)

MARC details
000 -LEADER
fixed length control field 01101cam a22002415a 4500
008 - FIXED-LENGTH DATA ELEMENTS--GENERAL INFORMATION
fixed length control field 120321s2012 xxk f 000 0 eng d
020 ## - INTERNATIONAL STANDARD BOOK NUMBER
International Standard Book Number 9781842197677
035 ## - SYSTEM CONTROL NUMBER
System control number (Sirsi) u155409
041 0# - LANGUAGE CODE
Language code of text/sound track or separate title eng
050 04 - LIBRARY OF CONGRESS CALL NUMBER
Classification number 581.65 $2 20
110 2# - MAIN ENTRY--CORPORATE NAME
Corporate name or jurisdiction name as entry element Royal Institution of Chartered Surveyors
9 (RLIN) 4900
245 00 - TITLE STATEMENT
Title Japanese knotweed and residential property
Medium [old edition]
260 ## - PUBLICATION, DISTRIBUTION, ETC.
Place of publication, distribution, etc. Coventry
Name of publisher, distributor, etc. RICS
Date of publication, distribution, etc. 2012
490 #0 - SERIES STATEMENT
Series statement RICS Information Paper
Volume/sequential designation (IP 27/2012)
520 ## - SUMMARY, ETC.
Summary, etc. Addendum published and effective from 1 September 2015. L
520 ## - SUMMARY, ETC.
Summary, etc. Focuses on the problems that Japanese Knotweed has been causing in residential property and provides information on the damage it can cause and how to treat it.
520 ## - SUMMARY, ETC.
Summary, etc. Superseded by Professional standard of the same title, but as a PS it is also a first edition, ISBN 9781783214556
590 ## - LOCAL NOTE (RLIN)
Local note KA
650 24 - SUBJECT ADDED ENTRY--TOPICAL TERM
Topical term or geographic name entry element JAPANESE KNOTWEED
651 #4 - SUBJECT ADDED ENTRY--GEOGRAPHIC NAME
Geographic name ENGLAND AND WALES
856 41 - ELECTRONIC LOCATION AND ACCESS
Uniform Resource Identifier <a href="https://www.rics.org/content/dam/ricsglobal/documents/standards/Japanese_Knotweed_and_Residential_Property_1st_Edition.pdf">https://www.rics.org/content/dam/ricsglobal/documents/standards/Japanese_Knotweed_and_Residential_Property_1st_Edition.pdf</a>
Public note Available on RICS.org
942 ## - ADDED ENTRY ELEMENTS (KOHA)
Suppress in OPAC 0
Source of classification or shelving scheme Dewey Decimal Classification
Holdings
Withdrawn status Lost status Source of classification or shelving scheme Damaged status Not for loan Home library Current library Shelving location Date acquired Total Checkouts Full call number Barcode Date last seen Copy number Price effective from Koha item type Date last checked out
    Dewey Decimal Classification     London London Books 21/03/2012   RICS 2012/8 30077342 06/08/2019 1 06/08/2019 Archive  
    Dewey Decimal Classification     London London Books 21/03/2012   RICS 2012/8 30077341 06/08/2019 1 06/08/2019 Book  
    Dewey Decimal Classification     London London Books 21/03/2012 1 RICS 2012/8 30077340 06/08/2019 3 06/08/2019 Book 12/02/2013
          London Virtual Online 04/04/2024       04/04/2024   04/04/2024 Online material